| 000 | 00503cam a2200193ua 4500 | ||
|---|---|---|---|
| 001 | 2852 | ||
| 005 | 20260515113606.0 | ||
| 008 | 110912n ii |||gr||||Z||||||asm | ||
| 040 | _cMAIN | ||
| 082 | _a920 | ||
| 100 | 1 |
_aGoswami, Mandira, _eAuthor. |
|
| 245 | 1 | 1 |
_aRajani Kanta Bardoloi jivan aru sahitya _cby Mandira Goswami |
| 250 | _a1st. | ||
| 260 |
_aDibrugarh: _bBanalata,992. |
||
| 300 |
_a159p: _c23cm. |
||
| 653 | _aBiography | ||
| 653 | _aRajani Kanta Bardoloi jivan aru sahitya | ||
| 942 | _cBK | ||
| 999 |
_c2699 _d2699 |
||